000 00397cam a22001337a 4500
008 180718b1955 xxu||||| |||| 00| 0 eng d
082 _aN3 F576
100 _aFitzgerald, M.J.
245 _aHandbook of criminal investigation
_cby M.J. Fitzgerald;edited by Paul B. Weston
260 _aNew York
_bGreenberg
_c1955
300 _a238p.
650 _aCriminal Investigation
700 _aWeston, Paul B.
999 _c479273
_d479273